000 00501nmm a2200169Ia 4500
008 251105s9999||||xx |||||||||||||||||und||
020 _a9788483594766
041 _aspa
100 _aValle, Eliseo
245 0 _aLa construcción de un modelo educativo :
_b Distorsiones, cambios y continuidades
264 _a[Madrid, España] :
_bCalambur,
_c2019
300 _a326 páginas
490 _aPaideia
650 _aEducation
856 _uhttps://public.digitaliapublishing.com/a/57911
942 _cCF
999 _c86291
_d86291